| 000 | 01043nam a2200253 a 4500 | ||
|---|---|---|---|
| 001 | 80842 | ||
| 003 | BD-RjUL | ||
| 005 | 20230607104129.0 | ||
| 008 | 221124s2002 bg a|||| m||| 00| 0 eng d | ||
| 035 | _a(BD-RjUL)80842 | ||
| 040 |
_aBD-RjUL _beng _cBD-RjUL _dBD-RjUL |
||
| 041 | _aeng | ||
| 082 |
_223 _a583.79 _bISS 2002 |
||
| 100 |
_aIslam, Md. Aminul _95279 |
||
| 245 | 1 | 0 |
_6Supervisors : M. A. Khaleque & O. I. Joarder _aStudy of the Anther Culture and Comparison of GxE Models for Selection of Stable Genotypes in Chilli (Capsicum annuum L.) / _cSubmitted by Md. Aminul Islam ; |
| 260 |
_aRajshahi : _bDepartment of Genetics & Breeding, University of Rajshahi, _c2002 |
||
| 300 |
_a[9], 170 leaves : _bill.; _c29 cm. |
||
| 502 | _aThesis(M.Phil.)-- Department of Genetics & Breeding, University of Rajshahi,,2002 | ||
| 504 | _aReferences : Leaves 157-165 | ||
| 650 |
_aMagnoliopsida _vGeraniales _xBio-Chemical _94336 |
||
| 700 |
_aKhaleque, M. A. Supervisors _96015 |
||
| 700 |
_aJoarder, O. I. Supervisors _96016 |
||
| 942 |
_2ddc _cTHE |
||
| 999 |
_c80842 _d80842 |
||